The eisenstein collection (Record no. 11878)

MARC details
000 -LEADER
fixed length control field 00578 a2200229 4500
001 - CONTROL NUMBER
control field 139148
003 - CONTROL NUMBER IDENTIFIER
control field OSt
005 - DATE AND TIME OF LATEST TRANSACTION
control field 20211008171221.0
008 - FIXED-LENGTH DATA ELEMENTS--GENERAL INFORMATION
fixed length control field
020 ## - INTERNATIONAL STANDARD BOOK NUMBER
International Standard Book Number 9781905422005
082 ## - DEWEY DECIMAL CLASSIFICATION NUMBER
Classification number 791.43
Item number T21E
100 ## - MAIN ENTRY--PERSONAL NAME
Personal name The eisenstein collection
245 1# - TITLE STATEMENT
Title The eisenstein collection
Statement of responsibility, etc edited by Richard Taylor
260 ## - PUBLICATION, DISTRIBUTION, ETC. (IMPRINT)
Place of publication, distribution, etc Calcutta
Name of publisher, distributor, etc Seagull Books
Date of publication, distribution, etc 2006
300 ## - PHYSICAL DESCRIPTION
Extent 428p.
630 ## - SUBJECT ADDED ENTRY--UNIFORM TITLE
Uniform title English
630 ## - SUBJECT ADDED ENTRY--UNIFORM TITLE
Uniform title Motion pictures
630 ## - SUBJECT ADDED ENTRY--UNIFORM TITLE
Uniform title Literature
630 ## - SUBJECT ADDED ENTRY--UNIFORM TITLE
Uniform title Art
700 ## - ADDED ENTRY--PERSONAL NAME
Personal name Taylor, Richard
Relator term editor
942 ## - ADDED ENTRY ELEMENTS (KOHA)
Source of classification or shelving scheme Dewey Decimal Classification
Koha item type Books
Holdings
Withdrawn status Lost status Source of classification or shelving scheme Damaged status Not for loan Collection code Home library Current library Date acquired Source of acquisition Cost, normal purchase price Full call number Barcode Date last seen Price effective from Koha item type
    Dewey Decimal Classification     General Text Book Central University Of Rajasthan Central University Of Rajasthan 12/03/2014 ENG 0.00 791.43 T21E 14820 21/11/2024 02/09/2020 Books